Missing Word: Best Motion Picture (Musical/Comedy) Quiz Stats

 Plays Quiz Updated Sep 19, 2013

Support Sporcle.
Go Orange.
Score 0/30 Timer 03:00
1 Play Today
Hint Missing Word % Correct
_____ and the BeastBeauty
98.3%
___ MisérablesLes
97.3%
West Side _____Story
95.8%
_____ Story 2Toy
95%
My _____ LadyFair
93.3%
As _____ as It GetsGood
93.2%
The _____ of MusicSound
92.8%
_____ Miss DaisyDriving
90.2%
The _____ and IKing
90%
_____ on the RoofFiddler
89.1%
Guys and _____Dolls
88.1%
_____ Rouge!Moulin
85.2%
Coal Miner's _____Daughter
83.7%
A _____ Is BornStar
83.5%
The _____ Are All RightKids
79.8%
Hint Missing Word % Correct
Mrs. _____Doubtfire
78.3%
_____ the LineWalk
77.3%
An _____ in ParisAmerican
75.5%
The _____ KingLion
72.4%
Lost in _____Translation
70.1%
_____ Can WaitHeaven
67.6%
Almost _____Famous
66.6%
_____ and BessPorgy
60.4%
_____ and Her SistersHannah
60.1%
_____ in LoveShakespeare
59.8%
Vicky Cristina _____Barcelona
59.3%
Tom _____Jones
39.6%
Hope and _____Glory
37.6%
_____ GirlWorking
30.7%
The _____ ManMusic
27.2%

Today's Daily Dose

Word Ladder
Emancipation Day

Quick Pick
SNL Quotes

Get the Picture
June Holidays

You're not logged in!

Compare scores with friends on all Sporcle quizzes.
OR
Log In

From the Vault

Five Century Sorting Gallery

by awesomeness365

We're pretty sure more than five major events occurred in each century.
Remove Ads.
Support Sporcle.
Get the best of Sporcle when you Go Orange. This ad-free experience offers more features, more stats, and more fun while also helping to support Sporcle. Thank you for becoming a member.

Show Comments

Extras

Top Quizzes Today


Score Distribution

Your Account Isn't Verified!

In order to create a playlist on Sporcle, you need to verify the email address you used during registration. Go to your Sporcle Settings to finish the process.

Report this User

Report this user for behavior that violates our Community Guidelines.

Details: